Language Quiz

Random Language or World Quiz

Countries of the World in Italian Quiz Stats

 Plays Quiz not verified by Sporcle

Also try: Words De'TACH'ed
Challenge
Share
Tweet
Embed
Score 0/20 Timer 03:00
0 Plays Today
Name in Italian Name in English % Correct
BelgioBelgium
100%
Stati UnitiUnited States
98.9%
GreciaGreece
97.9%
BielorussiaBelarus
95.8%
DanimarcaDenmark
94.7%
LussemburgoLuxembourg
94.7%
Emirati Arabi UnitiUnited Arab Emirates
93.7%
Regno UnitoUnited Kingdom
93.7%
CiproCyprus
92.6%
Isole SalomoneSolomon Islands
91.6%
Name in Italian Name in English % Correct
SveziaSweden
91.6%
Costa D'AvorioIvory Coast
90.5%
EgittoEgypt
90.5%
UngheriaHungary
88.4%
GibutiDjibouti
87.4%
Repubblica CentrafricanaCentral African Republic
87.4%
LibanoLebanon
81.1%
InghilterraEngland
75.8%
LettoniaLatvia
75.8%
Paesi BassiThe Netherlands
70.5%

You're not logged in!

Compare scores with friends on all Sporcle quizzes.
Join for Free
OR
Log In

You Might Also Like...

Show Comments

Extras

Top Quizzes Today


Score Distribution

Your Account Isn't Verified!

In order to create a playlist on Sporcle, you need to verify the email address you used during registration. Go to your Sporcle Settings to finish the process.

Report this User

Report this user for behavior that violates our Community Guidelines.

Details: